00000000nam##2200000za#4500
0019.557690
003CaOODSP
00520210624172020
007cr |||||||||||
008150406|1993||||xxc|||||o    f|0| 0 eng|d
040 |aCaOODSP|beng
043 |an-cn---
0861 |aNH18-22/93-210E-IN
1102 |aCanada Mortgage and Housing Corporation.
24510|aRenovation strategies for brick veneer/steel stud construction : |h[electronic resource]|bpart 1: brick ties
260 |aOttawa - Ontario : |bCanada Mortgage and Housing Corporation
300 |a4p. (113 KB)
4901 |aResearch and development highlights; technical series|v93-210
590 |a01-12|b2001-03-23
69007|aConstruction materials|2gcpds
69007|aBuildings|2gcpds
69007|aHome renovations|2gcpds
77508|tMéthodes de rénovation pour constructions à ossature d'acier et placage de brique : |w(CaOODSP)9.607633
830#0|aResearch and development highlights; technical series ;|v93-210|w(CaOODSP)9.504481
85640|ahttp://publications.gc.ca|qPDF|s113 KB|uhttps://publications.gc.ca/collections/Collection/NH18-22-93-210E.pdf|y93-210